| 000 | 00719cam a22002054a 4500 | ||
|---|---|---|---|
| 020 | _a0764508415 | ||
| 040 | _cDLC | ||
| 082 | 0 | 0 | _a005 HUN 2001 A006 Or. |
| 100 | 1 | _aZikopoulos, Paul. | |
| 245 | 1 | 0 | _aDB2 fundamentals certification for dummies / |
| 260 |
_aNew York, NY : _bHungry Minds, _cc2001. |
||
| 300 |
_axxii, 429 p. : _bill. ; _c24 cm. + _e1 computer optical disc (4 3/4 in.) |
||
| 650 | 0 | _aDatabase management. | |
| 700 | 1 | _aGibbs, Jennifer. | |
| 700 | 1 | _aMelnyk, Roman B. | |
| 856 | 4 | 2 | _uhttp://www.loc.gov/catdir/bios/wiley045/2001089320.html |
| 856 | 4 | 2 | _uhttp://www.loc.gov/catdir/description/wiley038/2001089320.html |
| 856 | 4 | 1 | _uhttp://www.loc.gov/catdir/toc/wiley021/2001089320.html |
| 942 | _cEK | ||
| 999 |
_c11963 _d11963 |
||